[Event "Muensterland Verbandsklasse 1617"]
[Site "Germany"]
[Date "2017.02.11"]
[Round "6.4"]
[White "Bissen, Philippe"]
[Black "Grotenhuis, Gerard"]
[Result "0-1"]
[WhiteElo "1674"]
[BlackElo "1871"]
[PlyCount "84"]
[EventDate "2016.09.24"]
[EventType "team"]
[EventRounds "9"]
[EventCountry "GER"]
[SourceTitle "EXT 2018"]
[Source "ChessBase"]
[SourceDate "2017.10.13"]
[SourceVersion "1"]
[SourceVersionDate "2017.10.13"]
[SourceQuality "1"]
[WhiteTeam "Muenster SK V"]
[BlackTeam "Metelen"]
[WhiteTeamCountry "GER"]
[BlackTeamCountry "GER"]

1. d4 d5 2. c4 e5 3. dxe5 d4 4. a3 a5 5. Nf3 Nc6 6. Nbd2 Bg4 7. h3 Bxf3 8. Nxf3 Bc5 9. g4 Nge7 10. Bg5 Qd7 11. Qc2 Ng6 12. Qe4 h6 13. Qd5 Qxd5 14. cxd5 Ncxe5 15. Nxe5 Nxe5 16. Bf4 f6 17. Rc1 Bb6 18. e3 0-0-0 19. Bxe5 fxe5 20. e4 Rhf8 21. Bd3 Rf3 22. Be2 Rb3 23. Rb1 Rf8 24. Bd1 Rb5 25. Ba4 Rc5 26. 0-0 d3 27. Rbd1 Rc4 28. Bb3 Rxe4 29. d6 cxd6 30. Be6+ Kc7 31. Bf5 Re2 32. Rxd3 Rxb2 33. Rc1+ Bc5 34. Rf3 b5 35. Kg2 Kb6 36. a4 bxa4 37. Rb1 Rb4 38. Ra1 Rb3 39. Rxb3+ axb3 40. f3 b2 41. Ra2 Bd4 42. Kf1 Rxf5 0-1

[Event "Muensterland Verbandsliga 1415"]
[Site "Germany"]
[Date "2014.11.29"]
[Round "4.7"]
[White "Bissen, Philippe"]
[Black "Boerding, Thomas"]
[Result "1-0"]
[WhiteElo "1629"]
[BlackElo "1628"]
[PlyCount "73"]
[EventDate "2014.09.06"]
[EventType "team-tourn"]
[EventRounds "9"]
[EventCountry "GER"]
[SourceTitle "EXT 2016"]
[Source "ChessBase"]
[SourceDate "2015.10.08"]
[SourceVersion "1"]
[SourceVersionDate "2015.10.08"]
[SourceQuality "1"]
[WhiteTeam "Muenster V"]
[BlackTeam "Telgte"]
[WhiteTeamCountry "GER"]
[BlackTeamCountry "GER"]

1. d4 Nf6 2. c4 e6 3. Nc3 Bb4 4. e3 0-0 5. Nf3 d5 6. a3 Be7 7. c5 Bd7 8. b4 Ne4 9. Nxe4 dxe4 10. Ne5 Be8 11. Bc4 Nd7 12. f4 exf3 13. Nxf3 Nf6 14. 0-0 c6 15. Ne5 Qc8 16. Rf3 Ne4 17. Rf4 f5 18. Qb3 Rf6 19. g4 Kh8 20. gxf5 exf5 21. Ra2 g5 22. Rg2 h5 23. Rxe4 fxe4 24. Rxg5 Rf1+ 25. Bxf1 Bxg5 26. Bg2 Qf5 27. Qc2 Bf6 28. Nc4 Bg6 29. Nd6 Qg4 30. Nxb7 Rf8 31. Nd6 Bh4 32. Nxe4 Re8 33. h3 Bxe4 34. hxg4 Bxc2 35. Bxc6 hxg4 36. Bxe8 Be4 37. Bb2 1-0